Dark carnival : Serenity falls, book III

Bibliographic Details
Main Author: Moore, James A
Format: Book
Published: New York : Jove Books , 2005
Subjects:

MARC

LEADER 00000cam a2200000 7i4500
001 0000009879
005 20080117.0
008 071005
020 |a 0515139858 
090 0 0 |a MOO   |b ENG 
100 1 |a Moore, James A 
245 1 0 |a Dark carnival :   |b Serenity falls, book III   |c James A. Moore 
260 |a New York :   |b Jove Books ,   |c 2005 
650 0 |a English fiction 
650 0 |a Novel 
999 |a 0000999893   |b Book   |c Adult Collection   |e Perbadanan Perpustakaan Awam Johor 
999 |a 0000999894   |b Book   |c Adult Collection   |e Perbadanan Perpustakaan Awam Johor